[Event "Collado Villalba op-B 26th"]
[Site "Collado Villalba"]
[Date "2009.08.26"]
[Round "6"]
[White "Sanchez Ruiz, Piedad Esmeralda"]
[Black "Sanchez Yunquera, Raul"]
[Result "1-0"]
[WhiteElo "1902"]
[BlackElo "1702"]
[PlyCount "65"]
[EventDate "2009.08.21"]
[EventType "swiss"]
[EventRounds "9"]
[EventCountry "ESP"]
[SourceTitle "EXT 2011"]
[Source "ChessBase"]
[SourceDate "2010.11.26"]
[SourceVersion "1"]
[SourceVersionDate "2010.11.26"]
[SourceQuality "1"]

1. e4 e5 2. Nf3 Nc6 3. Bb5 a6 4. Ba4 Nf6 5. d3 h6 6. c3 b5 7. Bc2 Bc5 8. 0-0 d6 9. Nbd2 Bg4 10. Re1 0-0 11. Nf1 d5 12. exd5 Qxd5 13. Bb3 Qd6 14. Ng3 Rad8 15. h3 Bxf3 16. Qxf3 b4 17. Nf5 Qd7 18. Nxh6+ Kh7 19. Nf5 Na5 20. Bc2 g6 21. Nh4 Qc6 22. Rxe5 Rd5 23. Rxd5 Nxd5 24. d4 Be7 25. Qh5+ Kg8 26. Nxg6 fxg6 27. Bxg6 Nf6 28. Qxa5 bxc3 29. Qxc3 Qd6 30. Qd3 Nd5 31. Be4 Bh4 32. Bxd5+ Qxd5 33. Qg6+ 1-0